School for lovers

সংরক্ষণ করুন:
গ্রন্থ-পঞ্জীর বিবরন
প্রধান লেখক: Doyle, Patrick
বিন্যাস: গ্রন্থ
ভাষা:ইংরেজি
ট্যাগগুলো: ট্যাগ যুক্ত করুন
কোনো ট্যাগ নেই, প্রথমজন হিসাবে ট্যাগ করুন!

MARC

LEADER 00000nam a2200000 4500
001 CDOM0000002684
003 mi
005 20251007105155.0
008 251007b |||||||| |||| 00| 0 eng d
040 |c mi 
100 |a Doyle, Patrick 
245 1 |a School for lovers  
942 |2 ddc  |c BK 
952 |0 0  |1 0  |2 ddc  |4 0  |7 0  |9 6142  |a MI  |b MI  |d 1988-02-18  |i 834  |l 0  |p CDOM834  |r 2025-07-13 16:28:00  |w 2025-07-13  |x ACQUISTO  |y BK 
999 |c 4914  |d 4914